000 00912nab a22001937a 4500
999 _c5876
_d5876
003 OSt
005 20260109013944.0
008 190514b xxu||||| |||| 00| 0 spa d
040 _cPJ
100 _96759
_aAstrada, Gustavo O.
245 1 0 _aDelegación del ejercicio de la responsabilidad parental :
_bla persona del delegatario /
_cGustavo O. Astrada.
300 _ap. 38-44
505 _aSumario: I. Aclaración preliminar. Delimitación.— II. Consideraciones preliminares sobre la delegación del ejercicio de la responsabilidad parental.— III. La persona del delegatario.— IV. Reflexión final.
505 _tSi te interesa el texto, comunicate a koha@justierradelfuego.gov.ar
650 0 _9967
_aDERECHO DE FAMILIA
650 0 _91015
_aRESPONSABILIDAD PARENTAL
773 0 _02844
_93222
_dBuenos Aires : AbeledoPerrot, 1989-
_tDerecho de familia. N° 121 - Septiembre 2025
_z18511201
942 _2udc
_cANA